| 000 | 00668nam a22001937a 4500 | ||
|---|---|---|---|
| 999 |
_c164175 _d164175 |
||
| 005 | 20190513152302.0 | ||
| 010 | _aUR-10103 | ||
| 020 |
_c200.00 _a9789386486462 |
||
| 035 | _aU-8658 | ||
| 037 | _bDBAD/PUB | ||
| 082 | _a840.08 | ||
| 100 | _aر ءيس ا نو ر | ||
| 245 |
_aتنقيد ی مر حلے _cر ءيس ا نو ر |
||
| 246 |
_bTanqeedi Merhaley(Urdu) _aEd.by Sheikh Mehboob (Mehboob Saqib) |
||
| 260 |
_a Delhi _bEducational Publishing House _c2017 ء |
||
| 270 |
_a3191،Vakil Street,Kucha Pandit,Lal Kuan, _bDelhi _e110006 _k23216162 _l00911123211540 |
||
| 300 |
_a144ص _c22 Cm.(bk) |
||
| 942 |
_2ddc _cUR _h840.08 _mر ء ي |
||